[Event "Utrecht OKU op-B 45th"]
[Site "Utrecht"]
[Date "2018.06.03"]
[Round "5"]
[White "Cheng, Di"]
[Black "Beijer, Bram"]
[Result "1/2-1/2"]
[WhiteElo "1731"]
[BlackElo "1705"]
[PlyCount "80"]
[EventDate "2018.06.01"]
[EventType "swiss"]
[EventRounds "6"]
[EventCountry "NED"]
[SourceTitle "EXT 2019"]
[Source "ChessBase"]
[SourceDate "2018.10.10"]
[SourceVersion "1"]
[SourceVersionDate "2018.10.10"]
[SourceQuality "1"]

1. d4 d5 2. c4 dxc4 3. e4 c5 4. d5 Nf6 5. Nc3 e6 6. Bxc4 exd5 7. exd5 Bd6 8. Nf3 0-0 9. 0-0 a6 10. a4 Bg4 11. h3 Bh5 12. Bg5 h6 13. Bh4 g5 14. Bg3 Bxg3 15. fxg3 Qd6 16. g4 Bg6 17. Qd2 Nbd7 18. a5 Rae8 19. Rfe1 Ne5 20. Nxe5 Rxe5 21. Rxe5 Qxe5 22. Qf2 Qd4 23. Rd1 Nxg4 24. Qxd4 cxd4 25. Rxd4 Ne3 26. Bb3 Nf5 27. Rb4 Nd6 28. Rb6 Rd8 29. Na4 Be4 30. Nc5 f5 31. Nxb7 Nxb7 32. Rxb7 Bxd5 33. Bxd5+ Rxd5 34. Rb6 Rxa5 35. Rxh6 Rb5 36. Rxa6 Kf7 37. Ra2 Ke6 38. Kf2 Ke5 39. g3 f4 40. gxf4+ gxf4 1/2-1/2

[Event "Utrecht OKU op-B 45th"]
[Site "Utrecht"]
[Date "2018.06.02"]
[Round "3"]
[White "Cheng, Di"]
[Black "Boittin, Pascal"]
[Result "1-0"]
[WhiteElo "1731"]
[BlackElo "1773"]
[PlyCount "63"]
[EventDate "2018.06.01"]
[EventType "swiss"]
[EventRounds "6"]
[EventCountry "NED"]
[SourceTitle "EXT 2019"]
[Source "ChessBase"]
[SourceDate "2018.10.10"]
[SourceVersion "1"]
[SourceVersionDate "2018.10.10"]
[SourceQuality "1"]

1. d4 d5 2. c4 e6 3. Nc3 c5 4. e3 Nf6 5. Bd3 Nc6 6. Nf3 Be7 7. 0-0 0-0 8. Re1 a6 9. a3 Re8 10. dxc5 dxc4 11. Bxc4 Qxd1 12. Rxd1 Bxc5 13. b4 Ba7 14. Bb2 b5 15. Bd3 Nd5 16. Rac1 Nxe3 17. fxe3 Bxe3+ 18. Kf1 Bxc1 19. Rxc1 Bb7 20. Be4 f5 21. Bb1 Rad8 22. Ne2 Ne7 23. Nfd4 Bd5 24. Kf2 Rc8 25. Nf4 Rxc1 26. Bxc1 Nc6 27. Nxf5 Rf8 28. Nxd5 exd5 29. Ke1 Re8+ 30. Kd2 Rf8 31. Bb2 g6 32. Nh6# 1-0